| 000 | 01151cam a2200289 i 4500 | ||
|---|---|---|---|
| 003 | SA-RiAUC | ||
| 005 | 20241013141645.0 | ||
| 008 | 241013s2014 su g 000r0aara c | ||
| 020 | _a9786030151202 | ||
| 040 |
_aSA-RiPNUNIV _bara _cSA-RiAUC _erda |
||
| 050 | 4 | _bH87 2014 | |
| 082 | 0 | 4 |
_a920.5 _qSA-RiAUC |
| 090 |
_a920.5 _b ح س ي |
||
| 100 | 1 |
_aالحسيني، خالد بن محمد، _d1373 هجري- _eمؤلف. |
|
| 245 | 1 | 0 |
_aحياة في الصحافة والتربية / _cخالد محمد الحسيني. |
| 250 | _aالطبعة الاولى | ||
| 264 | 1 |
_aمكة المكرمة : _bخالد بن محمد الحسيني، _c2014 |
|
| 300 |
_a192 صفحة ؛ _c24 سم |
||
| 336 |
_aنص _btxt _2rdacontent _3كتاب |
||
| 337 |
_aبدون وسيط _bn _2rdamedia |
||
| 338 |
_aمجلد _bnc _2rdacarrier |
||
| 600 | 1 | 7 |
_aالحسيني، خالد بن محمد، _d1373 هجري- _vيوميات _2aucnm |
| 650 | 7 |
_aالتربويون السعوديون _vتراجم _2aucsh |
|
| 650 | 7 |
_aالصحفيون السعوديون _vتراجم _2aucsh |
|
| 942 |
_2ddc _cBOOK _n0 |
||
| 949 |
_aSA-JeALM _d241013 _umohamedma123 _n1 |
||
| 999 |
_c1265 _d1265 |
||